000 00425nam a22001697a 4500
005 20260121145323.0
008 160623b xxu||||| |||| 00| 0 eng d
020 _a978-0-07-058741-0
041 _aeng
082 _b005.74
100 _aBeason, Alase and Smith Stephen J
_92601
245 _aData Warehousing, Data Mining & OLAP
260 _bTMH
_c2013
300 _a559
650 _aInformation Technology
942 _cBK
999 _c3713
_d3712